| 000 | 00762 a2200277 4500 | ||
|---|---|---|---|
| 999 |
_c200423128 _d6828 |
||
| 001 | 200423128 | ||
| 003 | TR-AnTOB | ||
| 005 | 20240206171030.0 | ||
| 008 | 151125b tu 000 0 | ||
| 020 | _a9786050904109 | ||
| 040 |
_aTR-AnTOB _btur _erda _cTR-AnTOB |
||
| 041 | 0 | _atur | |
| 050 | 0 | 0 |
_aPL248.K37 _bB37 2011 |
| 090 | _aPL248.K37 . B37 2011 | ||
| 100 | 1 |
_aKarakışlı, Karin _9109877 |
|
| 245 | 1 | 0 |
_aBaşka dillerin şarkısı / _cKarin Karakışlı. |
| 264 |
_aİstanbul: _bVarlık, _c2011 |
||
| 300 |
_a126 s. ; _c20 cm |
||
| 336 |
_atext _2rdacontent _btxt |
||
| 337 |
_aunmediated _2rdamedia _bn |
||
| 338 |
_avolume _2rdacarrier _bnc |
||
| 650 | 0 | 0 |
_aTurkish fiction _97165 |
| 650 | 0 | 0 |
_aTürk edebiyatı _986354 |
| 942 |
_cBK _2lcc |
||